Výbor OECD pre cestovný ruch

V júni 1998 sa uskutočnilo zasadnutie členských štátov OECD zamerané na cestovný ruch. Predstavenie NTA - National Tourism Administrations - Národných úradov (administratív) cestovného ruchu. Prezentácia jednotlivých členských krajín OECD. Súčasný rozvoj a politika cestovného ruchu v SR a orientácia...

Descrizione completa

Salvato in:
Dettagli Bibliografici
Autore principale: Grellnethová, Magdaléna
Natura: Capitolo di libro
Lingua:slovacco
Soggetti:
Tags: Aggiungi Tag
Nessun Tag, puoi essere il primo ad aggiungerne!!

MARC

LEADER 00000naa a2200000 4500
001 r033604
005 20230426124825.8
041 0 |a slo 
044 |a SK 
245 1 0 |a Výbor OECD pre cestovný ruch  |c Magdaléna Grellnethová 
520 |a V júni 1998 sa uskutočnilo zasadnutie členských štátov OECD zamerané na cestovný ruch. Predstavenie NTA - National Tourism Administrations - Národných úradov (administratív) cestovného ruchu. Prezentácia jednotlivých členských krajín OECD. Súčasný rozvoj a politika cestovného ruchu v SR a orientácia do r. 2000. 
610 2 0 |a ruch cestovný 
610 2 0 |a ruch cestovný medzinárodný 
610 2 0 |a OECD 
610 2 0 |a Slovensko 
610 2 0 |a propagácia 
610 2 0 |a zákony 
610 2 0 |a rozpočet štátny 
610 2 0 |a konkurencieschopnosť 
610 2 0 |a politika ruchu cestovného 
610 2 0 |a politika regionálna 
610 2 0 |a dotazníky 
100 1 |a Grellnethová, Magdaléna